[Event "ICS rated blitz match"]
[Site "204.178.125.65"]
[Date "1999.10.26"]
[Round "?"]
[White "toothfairy"]
[Black "Hossa"]
[Result "0-1"]
[WhiteElo "2177"]
[BlackElo "2434"]
[PlyCount "98"]
[EventDate "1999.??.??"]

1. e4 e5 2. Nf3 Nf6 3. Nc3 Nc6 4. Bc4 Bc5 5. d3 d6 6. Bg5 Na5 7. Nd5 c6 8.
Nxf6+ gxf6 9. Bh4 Nxc4 10. dxc4 O-O 11. Qd2 Re8 12. Qh6 Re6 13. O-O-O b6 14.
Rd3 Qf8 15. Qh5 Ba6 16. Nd2 b5 17. Rf3 bxc4 18. Bxf6 Rxf6 19. Rxf6 c3 20. bxc3
Qg7 21. Rf3 Be2 22. Qh3 Ba3+ 23. Kb1 Rb8+ 24. Nb3 Bxf3 25. Qxf3 a5 26. Qe3 Bc5
27. Qd3 Qxg2 28. Qd1 Qxe4 29. Ka1 Bxf2 30. Rf1 Bb6 31. Qxd6 Ra8 32. Qe7 Rf8 33.
Qg5+ Qg6 34. Qxe5 Qxc2 35. Rf5 Qd1+ 36. Kb2 f6 37. Qe6+ Kg7 38. Qxc6 Qe2+ 39.
Ka3 Qc2 40. Rf4 Be3 41. Rg4+ Kh8 42. Qc7 Bc1+ 43. Nxc1 Qxc1+ 44. Ka4 Qd1+ 45.
Kxa5 Qxg4 46. c4 Rc8 47. Qf7 Qd4 48. a3 Qb2 49. Qd5 49... Rb8 {
toothfairy resigns} 0-1

[Event "ICS rated blitz match"]
[Site "204.178.125.65"]
[Date "1999.10.26"]
[Round "?"]
[White "Hossa"]
[Black "toothfairy"]
[Result "1-0"]
[WhiteElo "2440"]
[BlackElo "2171"]
[PlyCount "75"]
[EventDate "1999.??.??"]

1. e4 e5 2. Bc4 Bc5 3. Nf3 Nc6 4. d3 d6 5. c3 Nf6 6. O-O Bb6 7. Be3 Bg4 8. Nbd2
O-O 9. Bb5 Ne7 10. Nc4 Ng6 11. Nxb6 axb6 12. h3 Bxf3 13. Qxf3 c6 14. Bc4 Nd7
15. d4 b5 16. Bb3 Qf6 17. Qg4 Qe7 18. Bg5 Qe8 19. f4 exf4 20. Qf5 Kh8 21. Bxf4
Nxf4 22. Rxf4 f6 23. Be6 Nb6 24. h4 Qe7 25. Raf1 Rae8 26. Bb3 g6 27. Qg4 d5 28.
exd5 Nxd5 29. Bxd5 cxd5 30. Qf3 f5 31. Qxd5 Qe3+ 32. R4f2 Qg3 33. Qxb7 Qxh4 34.
Qxb5 Re4 35. Rf4 Rxf4 36. Qe5+ Kg8 37. Rxf4 Qg3 38. Rxf5 {toothfairy resigns}
1-0

[Event "ICS rated blitz match"]
[Site "204.178.125.65"]
[Date "1999.10.26"]
[Round "?"]
[White "toothfairy"]
[Black "Hossa"]
[Result "1-0"]
[WhiteElo "2165"]
[BlackElo "2446"]
[PlyCount "112"]
[EventDate "1999.??.??"]

1. e4 e5 2. Nf3 Nf6 3. Nc3 Nc6 4. Bc4 Bc5 5. d3 d6 6. Bg5 Na5 7. Nd5 c6 8.
Nxf6+ gxf6 9. Bh4 Nxc4 10. dxc4 O-O 11. Qd2 Re8 12. O-O-O a5 13. Qh6 Re6 14.
Rd3 Qf8 15. Qh5 Rb8 16. Nd2 Bb4 17. c3 Bc5 18. Rf3 f5 19. exf5 Rh6 20. Qg5+ Kh8
21. Ne4 f6 22. Nxf6 Qg7 23. Ne4 Bb6 24. Qxg7+ Kxg7 25. Bg5 Rh5 26. g4 d5 27.
gxh5 dxe4 28. Rg3 Kf7 29. Be3 c5 30. Rd1 Bxf5 31. Rd5 Rc8 32. Rxe5 Kf6 33. Rd5
Bc7 34. Rxc5 Bxg3 35. Rxc8 Bxc8 36. hxg3 Bg4 37. h6 a4 38. b3 Kg6 39. Kb2 Be2
40. Ka3 axb3 41. axb3 Kh5 42. Kb4 Bd1 43. c5 Bc2 44. Kc4 Kg4 45. b4 Ba4 46. b5
Kf3 47. Kb4 Bd1 48. c6 bxc6 49. b6 Be2 50. b7 Kg2 51. b8=Q Bh5 52. Qd6 Be8 53.
Qe7 Bg6 54. Qe6 Kh2 55. Qxc6 Bf5 56. Qf6 56... Bh3 {Hossa resigns} 1-0

[Event "ICS rated blitz match"]
[Site "204.178.125.65"]
[Date "1999.10.26"]
[Round "?"]
[White "Hossa"]
[Black "MissSilicon"]
[Result "1/2-1/2"]
[WhiteElo "2419"]
[BlackElo "2616"]
[PlyCount "129"]
[EventDate "1999.??.??"]

1. e4 e6 2. d3 Nf6 3. e5 Nd5 4. d4 c5 5. c4 Nb4 6. dxc5 Bxc5 7. Bf4 Bd4 8. Nc3
N8c6 9. Nf3 Bxc3+ 10. bxc3 Na6 11. Be2 Nc5 12. Qd6 Ne4 13. Qd3 f5 14. O-O g5
15. Bg3 h5 16. h4 Nxg3 17. fxg3 g4 18. Nd4 Nxe5 19. Qe3 Qf6 20. Nb5 O-O 21.
Rad1 a5 22. Nd6 Qg7 23. Qb6 Ra6 24. Qc7 Ra8 25. a3 Qf6 26. Qb6 a4 27. c5 Nc6
28. Rd3 Qe5 29. Rf2 Rd8 30. Bf1 Ra6 31. Qb2 Nb8 32. Qd2 Qg7 33. Rd4 Rc6 34. Bc4
Kh7 35. Qd1 Rxc5 36. Qb1 b5 37. Bxb5 Rxc3 38. Rxa4 Nc6 39. Qd1 Ne7 40. Ra7 Rxg3
41. Nxc8 Nxc8 42. Rxd7 Rxd7 43. Qxd7 Ne7 44. Qxe6 Rxa3 45. Rf4 Ra1+ 46. Bf1 Rd1
47. g3 Rd5 48. Bg2 Re5 49. Qd6 Re1+ 50. Kh2 Qb2 51. Qd8 Re2 52. Qa8 Rc2 53. Kg1
Nc6 54. Kh1 Rxg2 55. Qxc6 Rxg3 56. Qd7+ Qg7 57. Qxf5+ Qg6 58. Qd7+ Kh6 59. Qd2
Rd3 60. Qc1 Rh3+ 61. Kg2 Kh7 62. Qc7+ Kh6 63. Qc1 Kg7 64. Qc7+ Kh6 65. Qc1 {
Game drawn by repetition} 1/2-1/2

[Event "ICS rated blitz match"]
[Site "204.178.125.65"]
[Date "1999.10.26"]
[Round "?"]
[White "ljb"]
[Black "Hossa"]
[Result "0-1"]
[WhiteElo "2129"]
[BlackElo "2427"]
[PlyCount "110"]
[EventDate "1999.??.??"]

1. e4 e5 2. Nf3 Nf6 3. d3 Nc6 4. Nc3 Bb4 5. Bg5 d6 6. Be2 Nd4 7. O-O Nxe2+ 8.
Qxe2 Bg4 9. Bxf6 gxf6 10. Nd5 Bc5 11. h3 Bh5 12. Kh2 c6 13. Ne3 Qc7 14. g4 Bg6
15. Nf5 Bxf5 16. gxf5 O-O-O 17. c3 d5 18. Nd2 dxe4 19. Nxe4 Be7 20. Rad1 Qd7
21. Qh5 Rdf8 22. Rg1 Qd5 23. b3 h6 24. Rg7 Kb8 25. Qe2 Rfg8 26. Rdg1 Re8 27. f3
Rhf8 28. Qe3 h5 29. R1g2 Rd8 30. Rd2 Qd7 31. b4 Qxf5 32. Ng3 Qe6 33. Nxh5 Rde8
34. Rdg2 Rh8 35. Ng3 Bf8 36. Rg4 f5 37. Rg5 f4 38. Qe4 Qxh3+ 39. Kg1 fxg3 40.
R5xg3 Qh5 41. f4 Qd1+ 42. Kf2 Qd2+ 43. Kf3 Qxf4+ 44. Qxf4 exf4 45. Rg4 Bh6 46.
Re2 Rxe2 47. Kxe2 Kc7 48. d4 Re8+ 49. Kd3 f3 50. Rg3 f2 51. Rf3 Re3+ 52. Rxe3
f1=Q+ 53. Re2 Qd1+ 54. Kc4 Qxe2+ 55. Kb3 55... Qd1+ {ljb resigns} 0-1

[Event "ICS rated blitz match"]
[Site "204.178.125.65"]
[Date "1999.10.26"]
[Round "?"]
[White "Hossa"]
[Black "toothfairy"]
[Result "1-0"]
[WhiteElo "2432"]
[BlackElo "2182"]
[PlyCount "69"]
[EventDate "1999.??.??"]

1. e4 e5 2. Bc4 Bc5 3. Nf3 Nc6 4. d3 d6 5. c3 Bb6 6. Bg5 Nge7 7. O-O O-O 8.
Nbd2 Kh8 9. Bd5 f6 10. Bh4 Nxd5 11. exd5 Ne7 12. Qb3 Qe8 13. Rae1 g5 14. Bg3
Qg6 15. c4 f5 16. Nxe5 dxe5 17. Bxe5+ Kg8 18. c5 Bxc5 19. Bxc7 Bd6 20. Bxd6
Qxd6 21. Nc4 Qf6 22. d6 Nd5 23. Ne3 Qxd6 24. Qxd5+ Qxd5 25. Nxd5 Rd8 26. Re5
Bd7 27. Rc1 b6 28. Rc7 Bb5 29. Nf6+ Kf8 30. Nxh7+ Kg8 31. Rxb5 Rxd3 32. h3 g4
33. Nf6+ Kf8 34. Rxf5 gxh3 35. Rh5 {toothfairy resigns} 1-0

[Event "ICS rated blitz match"]
[Site "204.178.125.65"]
[Date "1999.10.26"]
[Round "?"]
[White "toothfairy"]
[Black "Hossa"]
[Result "0-1"]
[WhiteElo "2176"]
[BlackElo "2438"]
[PlyCount "76"]
[EventDate "1999.??.??"]

1. e4 e5 2. Nf3 Nf6 3. Nc3 Nc6 4. Bc4 Bc5 5. d3 d6 6. Bg5 Na5 7. Nd5 c6 8.
Nxf6+ gxf6 9. Bh4 Nxc4 10. dxc4 Bg4 11. Qd3 a6 12. O-O-O Rg8 13. Rd2 Qe7 14. h3
Be6 15. g4 b5 16. cxb5 axb5 17. a3 b4 18. Kb1 bxa3 19. b3 Bd7 20. Ne1 Rg6 21.
f3 Kf8 22. Qe2 a2+ 23. Ka1 Bd4+ 24. Rxd4 exd4 25. Nd3 Kg8 26. f4 c5 27. f5 Rh6
28. Bg3 Bc6 29. Bf4 Qxe4 30. Qxe4 Bxe4 31. Re1 Bxd3 32. Bxh6 Bxc2 33. b4 cxb4
34. Kb2 b3 35. h4 d5 36. Rg1 Bb1 37. Rxb1 axb1=Q+ 38. Kxb1 38... Ra2 {
toothfairy resigns} 0-1

[Event "ICS rated blitz match"]
[Site "204.178.125.65"]
[Date "1999.10.26"]
[Round "?"]
[White "Hossa"]
[Black "toothfairy"]
[Result "1-0"]
[WhiteElo "2444"]
[BlackElo "2170"]
[PlyCount "67"]
[EventDate "1999.??.??"]

1. e4 e5 2. Bc4 Bc5 3. Nf3 Nc6 4. d3 d6 5. c3 Bb6 6. Bg5 Nge7 7. O-O O-O 8.
Nbd2 Kh8 9. Bd5 f6 10. Bh4 Nxd5 11. exd5 Ne7 12. Qb3 Qe8 13. a4 a6 14. Rfe1 Qf7
15. c4 g5 16. a5 Ba7 17. Bg3 h6 18. Qb4 Ng6 19. Nb3 f5 20. h3 f4 21. Bh2 Kh7
22. d4 Qf6 23. dxe5 dxe5 24. Nbd2 Qd6 25. Qc3 Re8 26. Qd3 Kg7 27. b3 Bd7 28.
Ne4 Qf8 29. d6 cxd6 30. Nxd6 Re6 31. Nf5+ Kh8 32. Nxh6 Bc6 33. Nxg5 Rd6 34.
Nhf7+ {toothfairy resigns} 1-0

[Event "ICS rated blitz match"]
[Site "204.178.125.65"]
[Date "1999.10.26"]
[Round "?"]
[White "toothfairy"]
[Black "Hossa"]
[Result "1-0"]
[WhiteElo "2165"]
[BlackElo "2449"]
[PlyCount "66"]
[EventDate "1999.??.??"]

1. e4 e5 2. Nf3 Nf6 3. Nc3 Nc6 4. Bc4 Bc5 5. d3 d6 6. Bg5 Na5 7. Nd5 c6 8.
Nxf6+ gxf6 9. Bh4 Nxc4 10. dxc4 O-O 11. Qd2 Re8 12. O-O-O a5 13. Qh6 Re6 14.
Rd3 Qf8 15. Qh5 Rb8 16. Nd2 Bb4 17. c3 Bc5 18. Rf3 f5 19. exf5 Rh6 20. Qg5+ Kh8
21. Ne4 f6 22. Nxf6 Qg7 23. Ne4 Bb6 24. Rg3 Qxg5+ 25. Bxg5 Bxf5 26. Bxh6 Bxe4
27. Bg7+ Kg8 28. Bxe5+ Kf7 29. Bxd6 Re8 30. c5 Bd8 31. Re1 Re6 32. Rge3 Bd5 33.
Rxe6 33... Bxe6 {Hossa resigns} 1-0

[Event "ICS rated blitz match"]
[Site "204.178.125.65"]
[Date "1999.10.26"]
[Round "?"]
[White "toothfairy"]
[Black "Hossa"]
[Result "1-0"]
[WhiteElo "2185"]
[BlackElo "2429"]
[PlyCount "147"]
[EventDate "1999.??.??"]

1. e4 e5 2. Nf3 Nf6 3. Nc3 Nc6 4. Bc4 Bc5 5. d3 d6 6. Bg5 Na5 7. Nd5 c6 8.
Nxf6+ gxf6 9. Bh4 Nxc4 10. dxc4 Bg4 11. Qd2 h6 12. O-O-O Ke7 13. h3 Be6 14. b3
Bxc4 15. Nxe5 dxe5 16. Qxd8+ Raxd8 17. bxc4 h5 18. Rxd8 Rxd8 19. c3 Ke6 20. Kc2
Rg8 21. Rg1 Rg7 22. Kd3 f5 23. exf5+ Kxf5 24. Ke2 e4 25. Rb1 f6 26. Bg3 Rd7 27.
a4 Ke6 28. Rd1 Rxd1 29. Kxd1 Bd6 30. Bh4 b6 31. f3 e3 32. Ke2 Bc5 33. g4 hxg4
34. fxg4 Ke5 35. Kf3 Ke6 36. Bg3 Ba3 37. Ke2 Bc1 38. Bf4 Bd2 39. Kd3 Be1 40.
Bxe3 c5 41. Bd2 Bg3 42. Ke4 Bh4 43. Bf4 Kd7 44. Kf5 a6 45. g5 fxg5 46. Bxg5 Be1
47. Bf6 Bd2 48. h4 Ke8 49. Kg6 Kd7 50. h5 Ke6 51. Bg7 Bf4 52. h6 Bxh6 53. Bxh6
Ke7 54. Kf5 Kd7 55. Ke5 Kc6 56. Bf8 Kd7 57. Kd5 Ke8 58. Bxc5 bxc5 59. Kxc5 Ke7
60. Kb6 Kf7 61. c5 Kg7 62. c6 a5 63. c7 Kf6 64. c8=Q Kg6 65. c4 Kg7 66. c5 Kf6
67. c6 Ke5 68. c7 Ke4 69. Qe8+ Kf4 70. c8=Q Kg5 71. Qce6 Kf4 72. Q6f7+ Kg4 73.
Qeg8+ Kh4 74. Qfh7# {Hossa checkmated} 1-0

[Event "ICS rated blitz match"]
[Site "204.178.125.65"]
[Date "1999.10.26"]
[Round "?"]
[White "Hossa"]
[Black "toothfairy"]
[Result "1-0"]
[WhiteElo "2403"]
[BlackElo "2211"]
[PlyCount "107"]
[EventDate "1999.??.??"]

1. e4 e5 2. Bc4 Bc5 3. Nf3 Nc6 4. d3 d6 5. c3 Bb6 6. Bg5 Nge7 7. O-O O-O 8.
Nbd2 Kh8 9. Bd5 f6 10. Bh4 Nxd5 11. exd5 Ne7 12. Qb3 Qe8 13. Rae1 Qg6 14. c4
Bg4 15. Kh1 Nf5 16. Bg3 Rab8 17. Qc3 Bxf3 18. Nxf3 Nd4 19. Nxd4 Bxd4 20. Qa3 f5
21. f3 f4 22. Bf2 Bxf2 23. Rxf2 a6 24. Qa5 Rf7 25. Re4 Qf6 26. Rfe2 h6 27. Qd2
b6 28. d4 a5 29. dxe5 dxe5 30. Rxe5 Qd6 31. Re6 Qc5 32. R2e4 Rbf8 33. Rc6 Qb4
34. Qc2 Re7 35. Qe2 Rfe8 36. Rxc7 Rxe4 37. fxe4 a4 38. Rf7 a3 39. b3 g5 40. h4
Kg8 41. Rb7 Qc3 42. Rxb6 Qd4 43. Qh5 Qxb6 44. Qxe8+ Kg7 45. h5 g4 46. Qd7+ Kf6
47. d6 Kg5 48. Qe7+ Kxh5 49. Qe8+ Kh4 50. d7 Qf2 51. d8=Q+ Kg3 52. Qd3+ f3 53.
Qe5+ Kh4 54. Qd8# {toothfairy checkmated} 1-0

[Event "ICS rated blitz match"]
[Site "204.178.125.65"]
[Date "1999.10.26"]
[Round "?"]
[White "Hossa"]
[Black "ljb"]
[Result "1-0"]
[WhiteElo "2411"]
[BlackElo "2149"]
[PlyCount "62"]
[EventDate "1999.??.??"]

1. e4 e6 2. d3 d5 3. Nd2 d4 4. Ngf3 c5 5. c3 Nc6 6. cxd4 cxd4 7. Be2 g6 8. Nc4
Bg7 9. Bf4 e5 10. Bg3 Be6 11. b3 Bxc4 12. bxc4 Nf6 13. O-O Nd7 14. Rb1 b6 15.
Qa4 Rc8 16. Bh4 f6 17. Qb5 O-O 18. Qd5+ Kh8 19. Nd2 Nc5 20. Nb3 Na4 21. Qxd8
Rfxd8 22. Bg4 Rc7 23. Be6 Nc3 24. Rb2 g5 25. Bg3 Bf8 26. f3 Nb4 27. Nc1 Bc5 28.
Bf5 a5 29. h4 a4 30. hxg5 Kg7 31. gxf6+ 31... Kxf6 {ljb resigns} 1-0

[Event "ICS rated blitz match"]
[Site "204.178.125.65"]
[Date "1999.10.26"]
[Round "?"]
[White "readyink"]
[Black "Hossa"]
[Result "1/2-1/2"]
[WhiteElo "2134"]
[BlackElo "2417"]
[PlyCount "116"]
[EventDate "1999.??.??"]

1. e4 e5 2. Nf3 Nf6 3. Nxe5 d6 4. Nf3 Nxe4 5. Nc3 Nf6 6. d4 Nbd7 7. Bd3 Be7 8.
O-O O-O 9. Re1 d5 10. Ne5 Re8 11. Bg5 Bb4 12. a3 Bxc3 13. bxc3 Nxe5 14. dxe5 h6
15. Bh4 g5 16. Bg3 Nd7 17. Qh5 Nc5 18. Qxh6 Nxd3 19. cxd3 Re6 20. Qh5 Rc6 21.
f4 Rxc3 22. fxg5 Bf5 23. e6 fxe6 24. Be5 Rxd3 25. Qh8+ Kf7 26. g6+ Kxg6 27.
Qg7+ Kh5 28. Bf4 Be4 29. Qh6+ Kg4 30. h3+ Rxh3 31. gxh3+ Kf5 32. Rf1 Bf3 33.
Rxf3 Ke4 34. Rff1 Qg8+ 35. Kh1 c5 36. Rae1+ Kd3 37. Bc1 Re8 38. Qd2+ Kc4 39.
Rf4+ Kb5 40. Qd3+ c4 41. Qb1+ Kc6 42. Rff1 Qh8 43. Rf3 Qh5 44. Ref1 d4 45. Qe4+
Qd5 46. Qxd5+ exd5 47. Rf6+ Kc5 48. Rf8 Re2 49. R1f2 Re1+ 50. Rf1 Re2 51. R1f2
Re1+ 52. Rf1 Re2 53. R1f2 Re1+ 54. Rf1 Re2 55. R1f2 Re1+ 56. Rf1 Re2 57. R1f2
Re1+ 58. Rf1 58... Re2 {Game drawn by repetition} 1/2-1/2

[Event "ICS rated blitz match"]
[Site "204.178.125.65"]
[Date "1999.10.26"]
[Round "?"]
[White "Hossa"]
[Black "readyink"]
[Result "1/2-1/2"]
[WhiteElo "2406"]
[BlackElo "2145"]
[PlyCount "128"]
[EventDate "1999.??.??"]

1. e4 c6 2. d4 d5 3. exd5 cxd5 4. Bd3 g6 5. Bf4 Bg7 6. Ne2 Nf6 7. Nbc3 O-O 8.
Nb5 Na6 9. c3 Bd7 10. O-O Nh5 11. Bg5 Re8 12. Nd6 Rf8 13. Nxb7 Qb6 14. Bxa6
Qxa6 15. Nc5 Qd6 16. Qd2 Bb5 17. Rfe1 e6 18. Bh6 Nf6 19. Bxg7 Kxg7 20. Nf4 Nd7
21. a4 Bc6 22. Ncxe6+ fxe6 23. Nxe6+ Kg8 24. Qh6 Rf7 25. Ng5 Re7 26. a5 Rae8
27. Re3 Nf6 28. Rxe7 Qxe7 29. Nf3 Nd7 30. b3 Qg7 31. Qf4 Qf6 32. Qc7 g5 33.
Qxa7 g4 34. Ne1 Re2 35. Nd3 Bb5 36. Qa8+ Kg7 37. Qxd5 Bxd3 38. Qxd7+ Kf8 39.
Qc8+ Kf7 40. Qc7+ Kf8 41. Qg3 h5 42. Qb8+ Kf7 43. Qg3 h4 44. Qc7+ Kg6 45. Qb6
Rxf2 46. Rd1 Be4 47. Qxf6+ Rxf6 48. b4 g3 49. hxg3 hxg3 50. Rf1 Rxf1+ 51. Kxf1
Bd3+ 52. Ke1 Kf5 53. Kd2 Bc4 54. Ke3 Kg5 55. b5 Bxb5 56. d5 Kf5 57. c4 Bxc4 58.
Kf3 Bxd5+ 59. Kxg3 Ke5 60. a6 Kd6 61. a7 Kc7 62. Kf4 Bxg2 63. Kg4 Kb7 64. Kg3
64... Kxa7 {Game drawn because neither player has mating material} 1/2-1/2

[Event "ICS rated blitz match"]
[Site "204.178.125.65"]
[Date "1999.10.26"]
[Round "?"]
[White "toothfairy"]
[Black "Hossa"]
[Result "0-1"]
[WhiteElo "2175"]
[BlackElo "2401"]
[PlyCount "60"]
[EventDate "1999.??.??"]

1. e4 e5 2. Nf3 Nf6 3. Nc3 Nc6 4. Bc4 Bc5 5. d3 d6 6. Bg5 Na5 7. Nd5 c6 8.
Nxf6+ gxf6 9. Bh4 Nxc4 10. dxc4 O-O 11. Qd2 Re8 12. O-O-O a5 13. Qh6 Re6 14.
Rd3 Qf8 15. Qh5 a4 16. Nd2 a3 17. b3 Bb6 18. Rh3 h6 19. g4 Ba5 20. Nf1 Qg7 21.
Ne3 Re8 22. Nf5 Bxf5 23. gxf5 Qh8 24. Rg3+ Kf8 25. Rhg1 Bd8 26. c3 b6 27. Kc2
Rc8 28. Qd1 Bc7 29. Qd2 Ke7 30. Rg8 30... Rxg8 {toothfairy resigns} 0-1

[Event "ICS rated blitz match"]
[Site "204.178.125.65"]
[Date "1999.10.26"]
[Round "?"]
[White "Hossa"]
[Black "toothfairy"]
[Result "1/2-1/2"]
[WhiteElo "2408"]
[BlackElo "2168"]
[PlyCount "113"]
[EventDate "1999.??.??"]

1. e4 e5 2. Bc4 Bc5 3. Nf3 Nc6 4. d3 d6 5. c3 Bb6 6. Bg5 Nge7 7. O-O O-O 8.
Nbd2 Kh8 9. Bd5 f6 10. Bh4 Nxd5 11. exd5 Ne7 12. Qb3 Qe8 13. a4 a6 14. Rfe1 Qf7
15. c4 g5 16. a5 Ba7 17. Bg3 Nf5 18. Ne4 h6 19. Qb4 Nd4 20. Nxd4 Bxd4 21. Rac1
f5 22. Nxd6 cxd6 23. Qxd6 Qf6 24. Bxe5 Bxe5 25. Qxe5 Qxe5 26. Rxe5 Kg8 27. d4
Bd7 28. Re7 Rf7 29. Re2 Rd8 30. Rc3 Kf8 31. Rh3 Kg7 32. Rhe3 Kf6 33. d6 Bc8 34.
c5 Bd7 35. d5 Bb5 36. Rd2 Re8 37. Rxe8 Bxe8 38. g3 Bb5 39. f3 f4 40. gxf4 gxf4
41. Kf2 h5 42. h4 Ke5 43. b3 Rg7 44. Rd1 Rf7 45. Ke1 Rg7 46. Kf2 Rg8 47. Rd2
Rc8 48. b4 Rg8 49. Rd1 Rg7 50. Rd2 Rg8 51. Rd1 Rf8 52. Kg2 Rd8 53. Kg1 Rg8+ 54.
Kf2 Rd8 55. Kg1 Rg8+ 56. Kf2 Rd8 57. Kg1 {Game drawn by repetition} 1/2-1/2

[Event "ICS rated blitz match"]
[Site "204.178.125.65"]
[Date "1999.10.26"]
[Round "?"]
[White "toothfairy"]
[Black "Hossa"]
[Result "1-0"]
[WhiteElo "2178"]
[BlackElo "2398"]
[PlyCount "94"]
[EventDate "1999.??.??"]

1. e4 e5 2. Nf3 Nf6 3. Nc3 Nc6 4. Bc4 Bc5 5. d3 d6 6. Bg5 Na5 7. Nd5 c6 8.
Nxf6+ gxf6 9. Bh4 Nxc4 10. dxc4 O-O 11. Qd2 Re8 12. O-O-O a5 13. Qh6 Re6 14.
Rd3 Qf8 15. Qh5 Rb8 16. Nd2 Bb4 17. c3 Bc5 18. Rf3 f5 19. exf5 Rh6 20. Qg5+ Kh8
21. Ne4 f6 22. Nxf6 b5 23. Ng4 Rxh4 24. Qxh4 bxc4 25. Re1 a4 26. a3 Rb3 27.
Qf6+ Qxf6 28. Nxf6 Kg7 29. Ne4 Rb5 30. Nxc5 Rxc5 31. g4 Kf6 32. h4 h6 33. Rg1
e4 34. g5+ hxg5 35. hxg5+ Kf7 36. g6+ Kg8 37. Rf4 Rxf5 38. Rh4 Rf3 39. g7 Rh3
40. Rxe4 Bd7 41. Re7 Rh7 42. Rxd7 d5 43. Kd2 Rh2 44. Rd8+ Kf7 45. g8=Q+ Kf6 46.
Qf8+ Ke6 47. Rg6+ 47... Ke5 {Hossa resigns} 1-0

[Event "ICS rated blitz match"]
[Site "204.178.125.65"]
[Date "1999.10.26"]
[Round "?"]
[White "Turbofish"]
[Black "Hossa"]
[Result "0-1"]
[WhiteElo "2316"]
[BlackElo "2387"]
[PlyCount "30"]
[EventDate "1999.??.??"]

1. e4 e5 2. Nc3 Nf6 3. Bc4 Nc6 4. d3 Bb4 5. f4 d5 6. exd5 Nxd5 7. Bd2 Nxf4 8.
Bxf4 exf4 9. Qh5 Qe7+ 10. Nge2 g6 11. Qb5 a6 12. Qa4 Bd7 13. Qb3 Nd4 14. Bxf7+
Kd8 15. Qd5 15... Qxe2# {Turbofish checkmated} 0-1

[Event "ICS rated blitz match"]
[Site "204.178.125.65"]
[Date "1999.10.26"]
[Round "?"]
[White "Turbofish"]
[Black "Hossa"]
[Result "0-1"]
[WhiteElo "2291"]
[BlackElo "2412"]
[PlyCount "98"]
[EventDate "1999.??.??"]

1. Nf3 d5 2. g3 c6 3. Bg2 Bg4 4. d3 Nd7 5. Nbd2 e5 6. O-O Bd6 7. c4 Ngf6 8.
cxd5 cxd5 9. b3 O-O 10. Bb2 Rc8 11. Rc1 Rxc1 12. Qxc1 Qa5 13. Qa1 Bb4 14. Nb1
Re8 15. a3 Bd6 16. b4 Qa6 17. Nc3 d4 18. Nb1 Rc8 19. Nbd2 Rc2 20. Rc1 Rxc1+ 21.
Qxc1 Nb6 22. Nc4 Nxc4 23. Qxc4 Qxc4 24. dxc4 Be6 25. Nd2 b6 26. Kf1 Kf8 27. Ke1
Ke8 28. Kd1 Kd7 29. Kc2 Ng4 30. Ne4 f5 31. h3 fxe4 32. hxg4 Bxg4 33. Bxe4 Bxe2
34. Bxh7 Bxc4 35. Be4 Ke6 36. f4 b5 37. fxe5 Bxe5 38. g4 d3+ 39. Kb1 d2 40. Bf3
Bb3 41. Bxe5 Kxe5 42. Kb2 Kf4 43. Be2 Ke3 44. Kxb3 Kxe2 45. Kc3 d1=Q 46. Kb2
Kd3 47. a4 Qc2+ 48. Ka3 bxa4 49. g5 49... Qb3# {Turbofish checkmated} 0-1

[Event "ICS rated blitz match"]
[Site "204.178.125.65"]
[Date "1999.10.26"]
[Round "?"]
[White "MissSilicon"]
[Black "Hossa"]
[Result "1-0"]
[WhiteElo "2597"]
[BlackElo "2423"]
[PlyCount "102"]
[EventDate "1999.??.??"]

1. Nf3 d5 2. c4 d4 3. g3 Nc6 4. Qa4 Bd7 5. Bg2 e5 6. Qb3 e4 7. Ng1 Nf6 8. f3
Na5 9. Qc2 Bb4 10. a3 Bd6 11. fxe4 Be6 12. d3 Qd7 13. Nf3 Nc6 14. b4 Bh3 15.
O-O Bxg2 16. Kxg2 O-O 17. Qb2 a6 18. Nbd2 Rad8 19. Nb3 b5 20. cxb5 axb5 21.
Nbxd4 Nxd4 22. Qxd4 Qg4 23. Qc3 Rb8 24. e5 Nd5 25. Qc2 Bxe5 26. Nxe5 Qd4 27.
Qb2 Qxb2 28. Bxb2 Ne3+ 29. Kg1 Nxf1 30. Rxf1 Rbe8 31. Nd7 Rxe2 32. Nxf8 Kxf8
33. Bd4 Rd2 34. Re1 g5 35. Be3 Rxd3 36. Bxg5 Kg7 37. Re3 Rd1+ 38. Kf2 Rd2+ 39.
Re2 Rd5 40. Be3 Rh5 41. h4 Rf5+ 42. Kg2 Rd5 43. Rc2 Rd7 44. Rc5 Rd3 45. Bc1 Rd1
46. Rxc7 Kg6 47. Rc6+ f6 48. Bg5 Kg7 49. Bxf6+ Kf7 50. Be5 Rd5 51. Rc7+ 51...
Ke6 {Hossa resigns} 1-0

[Event "ICS rated blitz match"]
[Site "204.178.125.65"]
[Date "1999.10.26"]
[Round "?"]
[White "Hossa"]
[Black "ljb"]
[Result "1/2-1/2"]
[WhiteElo "2414"]
[BlackElo "2165"]
[PlyCount "191"]
[EventDate "1999.??.??"]

1. e4 e6 2. d3 d5 3. Nd2 d4 4. Ngf3 c5 5. c3 Nc6 6. cxd4 cxd4 7. Be2 g6 8. Nc4
Bg7 9. Bf4 e5 10. Bg3 Be6 11. b3 Bxc4 12. bxc4 Nf6 13. O-O Nd7 14. Rb1 b6 15.
Qa4 Rc8 16. Bh4 f6 17. Qb5 O-O 18. Qd5+ Kh8 19. Nd2 Nc5 20. Nb3 Na4 21. Qxd8
Rfxd8 22. Bg4 Rc7 23. Be6 g5 24. Bg3 Nc3 25. Rb2 Nb4 26. Nc1 Na6 27. Bf5 Bf8
28. Rd2 Bb4 29. Nb3 Nc5 30. Nxc5 Bxc5 31. h4 h6 32. Rb2 Rb8 33. Ra1 Rcb7 34. a4
a5 35. Kh2 Bb4 36. Kh3 Rc7 37. h5 Kg7 38. Kg4 Kf8 39. f3 Ke7 40. Bf2 Rd8 41. g3
Rg8 42. Be1 Rb7 43. Bd2 Rc7 44. Kh3 Rb7 45. g4 Rc7 46. Kg2 Rb7 47. Be1 Rc7 48.
Bf2 Rb7 49. Kg3 Rc7 50. Kh3 Rb7 51. Bg3 Ra7 52. Kg2 Raa8 53. Kf2 Rab8 54. Rb3
Ra8 55. Kf1 Rab8 56. Be1 Rb7 57. Bd2 Rbb8 58. Rb2 Rb7 59. Kf2 Rbb8 60. Ke1 Rb7
61. Rb3 Ra7 62. Kf1 Rc7 63. Kf2 Rb8 64. Be1 Ra8 65. Kf1 Rb8 66. Bg3 Ra8 67. Kf2
Raa7 68. Rb2 Ra8 69. Kg1 Rb8 70. Bf2 Rd8 71. Kg2 Rb8 72. Kh3 Rh8 73. Kh2 Rg8
74. Kh1 Rg7 75. Kg2 Ra7 76. Kg3 Rc7 77. Kh3 Rg8 78. Rb3 Rf8 79. Kg2 Rd8 80. Kf1
Rd6 81. Rb2 Rd8 82. Bg3 Rb8 83. Kg2 Rd8 84. Kh3 Rf8 85. Kh2 Re8 86. Kh1 Rf8 87.
Be1 Rh8 88. Bd2 Rf8 89. Kg2 Re8 90. Kf2 Rf8 91. Kf1 Rg8 92. Kg1 Rf8 93. Bc1 Rg8
94. Kh2 Rf8 95. Bd2 Rh8 96. Kg3 {Game drawn by the 50 move rule} 1/2-1/2

[Event "ICS rated blitz match"]
[Site "204.178.125.65"]
[Date "1999.10.26"]
[Round "?"]
[White "ljb"]
[Black "Hossa"]
[Result "1-0"]
[WhiteElo "2175"]
[BlackElo "2404"]
[PlyCount "74"]
[EventDate "1999.??.??"]

1. e4 e5 2. Nf3 Nf6 3. d3 Nc6 4. Nc3 Bb4 5. Bg5 O-O 6. Be2 d6 7. O-O h6 8. Bxf6
gxf6 9. Nd5 Ba5 10. Nh4 Nd4 11. Ne3 c6 12. c3 Nxe2+ 13. Qxe2 Kh7 14. Nef5 Rg8
15. Qh5 Qf8 16. Qe2 Qd8 17. Kh1 Be6 18. f4 Qf8 19. Rf3 Bb6 20. Raf1 Kh8 21. Rh3
Bd8 22. Rff3 Be7 23. Nxh6 Bxh3 24. Rxh3 Rg7 25. N4f5 Rg6 26. Qh5 Qxh6 27. Qxh6+
Rxh6 28. Rxh6+ Kg8 29. Nxe7+ Kg7 30. Nf5+ Kg8 31. Rxf6 exf4 32. Rxd6 Rb8 33.
Kg1 Kf8 34. Kf2 Ke8 35. h4 c5 36. h5 Kf8 37. h6 37... Kg8 {Hossa resigns} 1-0

[Event "ICS rated bullet match"]
[Site "204.178.125.65"]
[Date "1999.10.26"]
[Round "?"]
[White "Hossa"]
[Black "Poetchess"]
[Result "1-0"]
[WhiteElo "2372"]
[BlackElo "1305"]
[PlyCount "37"]
[EventDate "1999.??.??"]

1. e4 c5 2. Nf3 e6 3. d4 cxd4 4. Nxd4 a6 5. Bd3 Qc7 6. Nf3 Nc6 7. Nc3 Nf6 8.
O-O b5 9. Bg5 Be7 10. Qe2 O-O 11. e5 Ng4 12. Bxe7 Rd8 13. Bxh7+ Kxh7 14. Ng5+
Kg8 15. Bd6 Qb6 16. Qxg4 Nd4 17. Qh5 Ne2+ 18. Nxe2 g6 19. Qh7# {
Poetchess checkmated} 1-0

[Event "ICS rated blitz match"]
[Site "204.178.125.65"]
[Date "1999.10.26"]
[Round "?"]
[White "Elias"]
[Black "Hossa"]
[Result "0-1"]
[WhiteElo "1692"]
[BlackElo "2379"]
[PlyCount "58"]
[EventDate "1999.??.??"]

1. e4 e5 2. d4 exd4 3. Bc4 Nc6 4. Nf3 Nf6 5. O-O Bc5 6. Bg5 h6 7. Bh4 g5 8. Bg3
Nxe4 9. Re1 f5 10. c3 d5 11. Bb5 f4 12. Nxd4 fxg3 13. Qh5+ Kf8 14. hxg3 Nxd4
15. cxd4 Bxd4 16. Rxe4 dxe4 17. Bc4 Qf6 18. Nd2 Bxf2+ 19. Kh2 Bxg3+ 20. Kh1 Bf5
21. Rf1 Bf4 22. g4 Bg6 23. Rxf4 gxf4 24. Qc5+ Qe7 25. Qd4 Qh4+ 26. Kg2 Qxg4+
27. Kf1 Qd1+ 28. Kf2 e3+ 29. Kg2 29... Qxd2+ {Elias resigns} 0-1